00394nam a2200169Ia 4500003000400000005001700004008004100021020001500062040000700077041000800084082001500092100002000107245001900127260005000146300001500196365001300211OSt20230505091624.0210423s2004 xx 000 0 und d a8176487252 cAL aeng a553.7 MAHS aMAHINDRU (S N). aPotable water. aNew DelhibA P H Publishing Corporationc2004 avi,205bPB b495cINR